<?xml version="1.0" encoding="UTF-8"?>
<record
    xmlns:xsi="http://www.w3.org/2001/XMLSchema-instance"
    xsi:schemaLocation="http://www.loc.gov/MARC21/slim http://www.loc.gov/standards/marcxml/schema/MARC21slim.xsd"
    xmlns="http://www.loc.gov/MARC21/slim">

  <leader>00834nam a22002297a 4500</leader>
  <controlfield tag="005">20161205135716.0</controlfield>
  <controlfield tag="008">161205b        xxu||||| |||| 001 0dspa d</controlfield>
  <datafield tag="020" ind1=" " ind2=" ">
    <subfield code="a">9786074012859</subfield>
  </datafield>
  <datafield tag="050" ind1="0" ind2="4">
    <subfield code="a">KGF2921</subfield>
    <subfield code="b">U75 2010</subfield>
  </datafield>
  <datafield tag="100" ind1="1" ind2=" ">
    <subfield code="a">Uribe Arzate, Enrique,</subfield>
    <subfield code="e">autor</subfield>
  </datafield>
  <datafield tag="245" ind1="1" ind2="0">
    <subfield code="a">El principio de supremac&#xED;a constitucional :</subfield>
    <subfield code="b">ex&#xE9;gesis y proleg&#xF3;menos /</subfield>
    <subfield code="c">Enrique Uribe Arzate.</subfield>
  </datafield>
  <datafield tag="250" ind1=" " ind2=" ">
    <subfield code="a">Primera edici&#xF3;n</subfield>
  </datafield>
  <datafield tag="260" ind1=" " ind2=" ">
    <subfield code="a">M&#xE9;xico :</subfield>
    <subfield code="b">Universidad Aut&#xF3;noma del Estado de M&#xE9;xico : Miguel &#xC1;ngel Porr&#xFA;a,,</subfield>
    <subfield code="c">c2010</subfield>
  </datafield>
  <datafield tag="300" ind1=" " ind2=" ">
    <subfield code="a">189 p&#xE1;ginas ;</subfield>
    <subfield code="c">23 cm.</subfield>
  </datafield>
  <datafield tag="490" ind1=" " ind2="0">
    <subfield code="a">El Derecho</subfield>
  </datafield>
  <datafield tag="504" ind1=" " ind2=" ">
    <subfield code="a">Bibliograf&#xED;a : p. 185-189</subfield>
  </datafield>
  <datafield tag="504" ind1=" " ind2=" ">
    <subfield code="a">Incluye &#xED;ndice</subfield>
  </datafield>
  <datafield tag="650" ind1=" " ind2="7">
    <subfield code="2">lemb</subfield>
    <subfield code="a">Derecho constitucional </subfield>
    <subfield code="z">M&#xE9;xico</subfield>
  </datafield>
  <datafield tag="650" ind1=" " ind2="7">
    <subfield code="2">lemb</subfield>
    <subfield code="a">Historia constitucional</subfield>
    <subfield code="z">M&#xE9;xico</subfield>
  </datafield>
  <datafield tag="650" ind1=" " ind2="7">
    <subfield code="2">lemb</subfield>
    <subfield code="a">Tribunales constitucionales</subfield>
    <subfield code="z">M&#xE9;xico</subfield>
  </datafield>
  <datafield tag="942" ind1=" " ind2=" ">
    <subfield code="2">lcc</subfield>
    <subfield code="c">LIB</subfield>
  </datafield>
  <datafield tag="999" ind1=" " ind2=" ">
    <subfield code="c">122877</subfield>
    <subfield code="d">122877</subfield>
  </datafield>
  <datafield tag="952" ind1=" " ind2=" ">
    <subfield code="1">0</subfield>
    <subfield code="2">lcc</subfield>
    <subfield code="4">0</subfield>
    <subfield code="7">0</subfield>
    <subfield code="a">LIC-002</subfield>
    <subfield code="b">LIC-002</subfield>
    <subfield code="c">GENERAL</subfield>
    <subfield code="d">2016-12-05</subfield>
    <subfield code="e">DON</subfield>
    <subfield code="f">1a ed.</subfield>
    <subfield code="h">BFD000008279</subfield>
    <subfield code="i">D</subfield>
    <subfield code="k">CSA</subfield>
    <subfield code="o">KGF2921 U75 2010</subfield>
    <subfield code="p">BFD000008279</subfield>
    <subfield code="r">2016-12-05 00:00:00</subfield>
    <subfield code="t">1</subfield>
    <subfield code="y">LIB</subfield>
  </datafield>
  <datafield tag="952" ind1=" " ind2=" ">
    <subfield code="1">0</subfield>
    <subfield code="2">lcc</subfield>
    <subfield code="4">0</subfield>
    <subfield code="7">0</subfield>
    <subfield code="a">UCIH</subfield>
    <subfield code="b">UCIH</subfield>
    <subfield code="c">CMAP</subfield>
    <subfield code="d">2017-09-27</subfield>
    <subfield code="e">DON</subfield>
    <subfield code="f">1a ed.</subfield>
    <subfield code="k">CSA</subfield>
    <subfield code="o">KGF2921 U75 2010</subfield>
    <subfield code="p">BCU000001122</subfield>
    <subfield code="r">2017-09-27 00:00:00</subfield>
    <subfield code="t">C:1</subfield>
    <subfield code="y">LIB</subfield>
  </datafield>
</record>
